Estimación de la generación de biogás a partir de asentamientos en celda 1, relleno sanitario Tecnoambiente, Miramar Costa Rica
Zapisane w:
| 1. autor: | |
|---|---|
| Kolejni autorzy: | |
| Format: | Książka |
| Wydane: |
2019
|
| Hasła przedmiotowe: | |
| Etykiety: |
Dodaj etykietę
Nie ma etykietki, Dołącz pierwszą etykiete!
|
MARC
| LEADER | 00000nam a2200000Ia 4500 | ||
|---|---|---|---|
| 003 | 0000996 | ||
| 005 | 20221231143957.0 | ||
| 008 | 140114s9999 py a 000 ||s d | ||
| 040 | |c cru CEDI | ||
| 082 | |a 363.728.5 C957d | ||
| 100 | |a Cruz Zúñiga, Nidia |9 7342 | ||
| 245 | |a Estimación de la generación de biogás a partir de asentamientos en celda 1, relleno sanitario Tecnoambiente, Miramar Costa Rica | ||
| 260 | |c 2019 | ||
| 500 | |a Ponencia presentada en el 8º Congreso Interamericano de Residuos Sólidos de DIRSA/AIDIS 22, 23, 24 de Mayo, 2019 Asunción -Paraguay. Donado al Centro de Documentación e Información del Instituto de Investigaciones en Ingeniería de la Facultad de Ingeniería de la Universidad de Costa Rica | ||
| 501 | |a Título de la memoria. Libro de trabjos técnicos | ||
| 650 | |x RELLENO SANITARIO PARQUE ECOINDUSTRIAL MIRAMAR (COSTA RICA) |x RESIDUOS SOLIDOS - COMPOSICION |x TRATAMIENTO DE RESIDUOS - EVALUACION |x METANO - PRODUCCION - MODELOS |x BIOGAS - PRODUCCION - COSTA RICA |9 18879 | ||
| 700 | |9 17557 |a Fernández Torres, Juan Diego | ||
| 942 | |2 ddc |c PON | ||
| 999 | |c 15080 |d 15080 | ||
